Statistics for Christopher Nolan Films

Click here to take the quiz!

General Stats

  • This quiz has been taken 233 times
    (96 since last reset)
  • The average score is 9 of 11

Answer Stats

YearFilm% Correct
2010Inception
96%
2014Interstellar
94%
2008The Dark Knight
94%
2012The Dark Knight Rises
90%
2005Batman Begins
89%
2000Memento
88%
2020Tenet
87%
2006The Prestige
77%
2017Dunkirk
76%
2002Insomnia
64%
1998Following
52%

Score Distribution

Percentile by Number Answered

Percent of People with Each Score

Your Score History

You have not taken this quiz since the last reset